[Event "85. Argentino Superior Absoluto 2010 "]
[Site "Buenos Aires ARG"]
[Date "2010.07.14"]
[Round "8.9"]
[White "Pierrot, Facundo"]
[Black "Fabian, Gaston"]
[Result "1-0"]
[WhiteElo "2431"]
[BlackElo "2260"]
[PlyCount "117"]
[EventDate "2010.07.05"]
[EventType "swiss"]
[EventRounds "9"]
[EventCountry "ARG"]
[Source "lmi"]
[SourceDate "2010.07.05"]

1. e4 e5 2. Nf3 Nc6 3. Bb5 a6 4. Ba4 Nf6 5. O-O b5 6. Bb3 Bc5 7. d3 d6 8. c3 h6
9. a4 Rb8 10. axb5 axb5 11. h3 O-O 12. d4 Bb6 13. Re1 Bb7 14. Na3 Re8 15. d5
Na5 16. Ba2 c6 17. b4 Nc4 18. Nxc4 bxc4 19. Bxc4 cxd5 20. exd5 Qc7 21. Bb3 e4
22. Nh2 Qxc3 23. Bd2 Qd4 24. Be3 Qxd1 25. Rexd1 Bxe3 26. fxe3 Bc8 27. Rd4 Re7
28. Ba4 Ra7 29. Ra2 Bd7 30. Bb3 Rab7 31. Nf1 Rxb4 32. Rxb4 Rxb4 33. Nd2 Rb6 34.
Bc2 Bf5 35. Nc4 Rb5 36. Nxd6 Rxd5 37. Ra8+ Kh7 38. Nxf7 Kg6 39. Nh8+ Kh7 40.
Nf7 Kg6 41. Nd8 Rc5 42. Bb3 Rc8 43. Rxc8 Bxc8 44. Kf2 Kh7 45. Nf7 g5 46. Nd6
Bd7 47. Bc2 Bc6 48. Ke2 Kg6 49. Kd2 h5 50. Kc3 h4 51. Kd4 Bd7 52. Nxe4 Nxe4 53.
Bxe4+ Kf6 54. Bf3 Ba4 55. Kd5 Bb3+ 56. Kd6 Ba2 57. e4 Bb1 58. e5+ Kf7 59. Bh5+
1-0

[Event "85. Argentino Superior Absoluto 2010 "]
[Site "Buenos Aires ARG"]
[Date "2010.07.13"]
[Round "8.9"]
[White "Valli, Americo"]
[Black "Dos Santos, Ramiro"]
[Result "0-1"]
[WhiteElo "1972"]
[BlackElo "2442"]
[PlyCount "66"]
[EventDate "2010.07.05"]
[EventType "swiss"]
[EventRounds "9"]
[EventCountry "ARG"]
[Source "lmi"]
[SourceDate "2010.07.05"]

1. e4 c5 2. Ne2 Nc6 3. c4 e6 4. Nbc3 Nf6 5. d4 d5 6. exd5 exd5 7. cxd5 Nxd5 8.
Nxd5 Qxd5 9. Be3 cxd4 10. Bxd4 Nxd4 11. Qxd4 Qxd4 12. Nxd4 Bb4+ 13. Ke2 O-O 14.
Rc1 Rd8 15. Rc4 Be7 16. Ke3 b6 17. Nc6 Bg5+ 18. f4 Re8+ 19. Kf2 Bf6 20. Ne5
Bxe5 21. fxe5 Rxe5 22. Rc7 Be6 23. Be2 Rd8 24. Rd1 Rxe2+ 25. Kxe2 Bg4+ 26. Ke3
Rxd1 27. Rxa7 g6 28. Rb7 Rd6 29. Kf4 h5 30. Ke5 Re6+ 31. Kd4 Kg7 32. h4 Bf5 33.
Kc4 Be4 0-1

[Event "85. Argentino Superior Absoluto 2010 "]
[Site "Buenos Aires ARG"]
[Date "2010.07.13"]
[Round "8.10"]
[White "Julia, Ernesto"]
[Black "Virgillito, Cristian"]
[Result "1-0"]
[WhiteElo "2378"]
[BlackElo "2238"]
[PlyCount "177"]
[EventDate "2010.07.05"]
[EventType "swiss"]
[EventRounds "9"]
[EventCountry "ARG"]
[Source "lmi"]
[SourceDate "2010.07.05"]

1. g3 d5 2. Bg2 Nf6 3. d3 c6 4. Nd2 Bg4 5. h3 Bh5 6. g4 Bg6 7. f4 e6 8. e4 dxe4
9. dxe4 Bc5 10. Qe2 h6 11. Nb3 Nbd7 12. Bd2 Qb6 13. O-O-O a5 14. f5 Bh7 15.
Nxc5 Qxc5 16. Be3 Qe7 17. Bf4 e5 18. Be3 Nc5 19. Bf2 Nfd7 20. Qd2 Bg8 21. Qd6
f6 22. Qxe7+ Kxe7 23. Kb1 Bc4 24. Rd2 a4 25. Ne2 b5 26. Ng3 Nb7 27. Rhd1 Rad8
28. b3 Bf7 29. Bf3 Ndc5 30. Kb2 Rxd2 31. Rxd2 Rd8 32. Rxd8 Kxd8 33. Kc3 Ke7 34.
Be3 axb3 35. axb3 Na6 36. h4 Nd6 37. Be2 Be8 38. Kd2 c5 39. g5 hxg5 40. hxg5
Bc6 41. Bf3 Bb7 42. g6 Bc6 43. Bf2 Kf8 44. Ke3 Nb7 45. Be1 Nc7 46. c3 Na5 47.
Bd1 Ne8 48. Nf1 Nd6 49. Ng3 Nab7 50. Bc2 Na5 51. Bf2 Nab7 52. Ke2 Kg8 53. Be3
Ne8 54. Bc1 Nc7 55. Ba3 Na6 56. Bc1 Nc7 57. Ke3 Nd6 58. Ne2 Kf8 59. Bd2 Na6 60.
Be1 Nb7 61. Bf2 Ke7 62. Ng3 Nd6 63. Nh5 Kf8 64. Bh4 Ne8 65. Bd3 Nac7 66. Be1
Nd6 67. Bc2 Na6 68. Ng3 Ke7 69. Nf1 Nb7 70. Nd2 Nc7 71. b4 c4 72. Nf1 Nd6 73.
Ng3 Nce8 74. Bf2 Nb7 75. Kf3 Ned6 76. Ke3 Ne8 77. Nf1 Ned6 78. Nd2 Kf8 79. Bg3
Ke7 80. Nf3 Ne8 81. Nxe5 fxe5 82. Bxe5 Bd7 83. Bg3 Ned6 84. Kf4 Nc8 85. Bf2
Ncd6 86. e5 Nxf5 87. Bxf5 Be6 88. Bh4+ Kd7 89. Ke4 1-0

[Event "85. Argentino Superior Absoluto 2010 "]
[Site "Buenos Aires ARG"]
[Date "2010.07.13"]
[Round "8.13"]
[White "Gimenez, Santiago"]
[Black "Koch, Juan"]
[Result "1/2-1/2"]
[WhiteElo "2253"]
[BlackElo "2087"]
[PlyCount "70"]
[EventDate "2010.07.05"]
[EventType "swiss"]
[EventRounds "9"]
[EventCountry "ARG"]
[Source "lmi"]
[SourceDate "2010.07.05"]

1. Nf3 d5 2. d3 c5 3. g3 Nc6 4. Bg2 e5 5. O-O Be6 6. Nc3 f6 7. a3 Bd6 8. Rb1
Nge7 9. Nd2 Qd7 10. e4 d4 11. Nd5 Bg4 12. Bf3 h5 13. b4 cxb4 14. axb4 Nxd5 15.
exd5 Ne7 16. Nc4 Nxd5 17. Bd2 Bc7 18. b5 Qf5 19. Be2 O-O 20. Re1 Rae8 21. Ra1
Bb8 22. Rb1 Qg5 23. Kh1 f5 24. Bxg4 fxg4 25. Qe2 Qf5 26. Kg1 Nf6 27. Bb4 Rf7
28. Nd2 h4 29. c3 dxc3 30. Bxc3 Nd5 31. Ne4 h3 32. Bd2 Qf3 33. Qxf3 Rxf3 34.
Rb3 Ref8 35. Rc1 R3f7 1/2-1/2

[Event "85. Argentino Superior Absoluto 2010 "]
[Site "Buenos Aires ARG"]
[Date "2010.07.13"]
[Round "8.14"]
[White "Lopez, Ricardo"]
[Black "Benedetti, Julio"]
[Result "1/2-1/2"]
[WhiteElo "2187"]
[BlackElo "1945"]
[PlyCount "84"]
[EventDate "2010.07.05"]
[EventType "swiss"]
[EventRounds "9"]
[EventCountry "ARG"]
[Source "lmi"]
[SourceDate "2010.07.05"]

1. d4 Nf6 2. Nf3 g6 3. g3 Bg7 4. Bg2 O-O 5. b3 d6 6. Bb2 c5 7. O-O Nbd7 8. c4
Rb8 9. Nc3 a6 10. a4 Qb6 11. d5 Ne4 12. Qc2 Nxc3 13. Bxc3 Qc7 14. Bxg7 Kxg7 15.
Qc3+ Kg8 16. e4 b5 17. Rab1 bxc4 18. bxc4 a5 19. Rxb8 Nxb8 20. e5 Bd7 21. e6
fxe6 22. dxe6 Bxa4 23. Ra1 Bc6 24. Ng5 Rf6 25. Bd5 Bxd5 26. cxd5 Qb7 27. Qxa5
Rf8 28. Qa7 Qb2 29. Rf1 Qf6 30. Nf7 c4 31. Rb1 Nc6 32. dxc6 Qxe6 33. Ng5 Qf5
34. Rb8 Qxg5 35. Rxf8+ Kxf8 36. Qb8+ Kf7 37. c7 Qd5 38. h4 Qd1+ 39. Kh2 Qd4 40.
Kg2 Qe4+ 41. Kh2 Qd4 42. Kh3 Qxf2 1/2-1/2

[Event "85. Argentino Superior Absoluto 2010 "]
[Site "Buenos Aires ARG"]
[Date "2010.07.13"]
[Round "8.16"]
[White "Leeuw, Pablo"]
[Black "Gaitan, Juan Manuel"]
[Result "0-1"]
[WhiteElo "2071"]
[BlackElo "2047"]
[PlyCount "68"]
[EventDate "2010.07.05"]
[EventType "swiss"]
[EventRounds "9"]
[EventCountry "ARG"]
[Source "lmi"]
[SourceDate "2010.07.05"]

1. e4 e6 2. Nf3 d5 3. Nc3 Nf6 4. e5 Nfd7 5. g3 c5 6. d3 Nc6 7. Bf4 Qc7 8. Qe2
d4 9. Nb1 h6 10. h4 Nb6 11. Bg2 Nd5 12. Nbd2 Nxf4 13. gxf4 Ne7 14. Ne4 Nd5 15.
Qd2 Bd7 16. c4 dxc3 17. Nxc3 Bc6 18. Nxd5 Bxd5 19. O-O Be7 20. h5 Rd8 21. Qe3
Qd7 22. Rfd1 O-O 23. Bh3 b6 24. Kh2 Bb7 25. d4 Qc6 26. d5 Rxd5 27. Rg1 Rd7 28.
Nd2 Rfd8 29. Qg3 Bf8 30. Nc4 Rd3 31. Qh4 R8d4 32. Ne3 Rxe3 33. Rxg7+ Bxg7 34.
Rg1 Rxh3+ 0-1

[Event "85. Argentino Superior Absoluto 2010 "]
[Site "Buenos Aires ARG"]
[Date "2010.07.13"]
[Round "8.17"]
[White "Luo, Victor"]
[Black "Tomeo, Nicolas"]
[Result "0-1"]
[WhiteElo "1906"]
[BlackElo "2137"]
[PlyCount "84"]
[EventDate "2010.07.05"]
[EventType "swiss"]
[EventRounds "9"]
[EventCountry "ARG"]
[Source "lmi"]
[SourceDate "2010.07.05"]

1. e4 e5 2. Nf3 Nc6 3. Bb5 a6 4. Ba4 Nf6 5. d3 b5 6. Bb3 Bc5 7. O-O O-O 8. Bg5
d6 9. c3 Bg4 10. Nbd2 Qe7 11. Bd5 Bd7 12. Re1 Rab8 13. Nf1 Nd8 14. d4 Bb6 15.
Bb3 c5 16. dxc5 dxc5 17. Ne3 Bc6 18. Nd5 Bxd5 19. exd5 c4 20. Bc2 Qa7 21. Nxe5
Bxf2+ 22. Kh1 Nd7 23. Nxd7 Qxd7 24. Qh5 g6 25. Qh6 f6 26. Bf4 Nf7 27. Qh3 Qxh3
28. gxh3 Bxe1 29. Bxb8 Bxc3 30. bxc3 Rxb8 31. Rd1 Re8 32. Kg1 Re2 33. Bb1 Kf8
34. d6 Ke8 35. d7+ Kd8 36. Kf1 Rxh2 37. Be4 Rxa2 38. Bd5 Ne5 39. Be6 Nd3 40.
Rxd3 Ra1+ 41. Ke2 cxd3+ 42. Kxd3 Rd1+ 0-1

[Event "85. Argentino Superior Absoluto 2010 "]
[Site "Buenos Aires ARG"]
[Date "2010.07.13"]
[Round "8.18"]
[White "Giuliani, German"]
[Black "Cabral, Matias Andres"]
[Result "0-1"]
[WhiteElo "1864"]
[BlackElo "2098"]
[PlyCount "54"]
[EventDate "2010.07.05"]
[EventType "swiss"]
[EventRounds "9"]
[EventCountry "ARG"]
[Source "lmi"]
[SourceDate "2010.07.05"]

1. d4 Nf6 2. c4 c5 3. d5 e5 4. Bg5 d6 5. h3 Be7 6. Nc3 O-O 7. Qc2 Nxd5 8. Nxd5
Bxg5 9. h4 Bh6 10. Nf3 Nc6 11. e3 Qa5+ 12. Nd2 Be6 13. O-O-O Qxa2 14. Nc3 Qa1+
15. Ndb1 Nd4 16. Qa4 Qxa4 17. Nxa4 b5 18. cxb5 Bb3 19. Rxd4 cxd4 20. g4 f6 21.
Kd2 Rfc8 22. Na3 Bxa4 23. Bc4+ Rxc4 24. Nxc4 Bxb5 25. Nxd6 dxe3+ 26. Kc3 Bc6
27. fxe3 Bxh1 0-1

[Event "85. Argentino Superior Absoluto 2010 "]
[Site "Buenos Aires ARG"]
[Date "2010.07.13"]
[Round "8.20"]
[White "Rasgido, Alejandro"]
[Black "Ligato, Guillermo Fe"]
[Result "1-0"]
[WhiteElo "1997"]
[BlackElo "1944"]
[PlyCount "75"]
[EventDate "2010.07.05"]
[EventType "swiss"]
[EventRounds "9"]
[EventCountry "ARG"]
[Source "lmi"]
[SourceDate "2010.07.05"]

1. b3 e5 2. Bb2 Nc6 3. e3 Nf6 4. Bb5 Be7 5. Bxc6 dxc6 6. Bxe5 Qd5 7. Nf3 Bg4 8.
Bxc7 O-O 9. Nc3 Qh5 10. h3 Ba3 11. O-O Bc8 12. Ne2 Re8 13. Ng3 Qd5 14. d4 Bf8
15. c4 Qd7 16. Be5 Be7 17. Qc2 h6 18. Rfd1 Nh7 19. d5 c5 20. e4 Bd8 21. Bb2 f6
22. e5 fxe5 23. Nxe5 Rxe5 24. Bxe5 Qf7 25. Re1 Bh4 26. Qe4 Ng5 27. Qxh4 Bxh3
28. Bf4 Rf8 29. Be3 Bxg2 30. Kxg2 Qf3+ 31. Kf1 Rf6 32. Re2 Nf7 33. Ke1 Ne5 34.
Qe4 Qxe4 35. Nxe4 Rg6 36. Kd2 h5 37. Rh1 h4 38. Ng5 1-0

[Event "85. Argentino Superior Absoluto 2010 "]
[Site "Buenos Aires ARG"]
[Date "2010.07.13"]
[Round "8.21"]
[White "Vigil, Lucas"]
[Black "Sanchez, Christian"]
[Result "0-1"]
[WhiteElo "2053"]
[BlackElo "2028"]
[PlyCount "68"]
[EventDate "2010.07.05"]
[EventType "swiss"]
[EventRounds "9"]
[EventCountry "ARG"]
[Source "lmi"]
[SourceDate "2010.07.05"]

1. d4 e6 2. c4 Nf6 3. Nf3 b6 4. Nc3 Bb4 5. Qb3 a5 6. Bg5 h6 7. Bf4 Bb7 8. O-O-O
Bxc3 9. Qxc3 Ne4 10. Qe3 d5 11. Nd2 Nxd2 12. Rxd2 Nd7 13. Qg3 Qf6 14. e4 dxe4
15. Bxc7 O-O 16. Qd6 Nb8 17. Qxb6 Ba6 18. h4 Rc8 19. Qd6 a4 20. g4 e3 21. fxe3
Bb7 22. Rg1 Na6 23. g5 hxg5 24. Ba5 Bd5 25. Bc3 Bxc4 26. Bxc4 Rxc4 27. Rdg2 Nb4
28. Rxg5 g6 29. h5 Nxa2+ 30. Kd2 Qf2+ 31. Kd3 Rac8 32. Rxg6+ Kh7 33. Rg7+ Kh8
34. Qe5 Rxc3+ 0-1

[Event "85. Argentino Superior Absoluto 2010 "]
[Site "Buenos Aires ARG"]
[Date "2010.07.13"]
[Round "8.23"]
[White "Ortega Morales, Javier"]
[Black "Galleto, Ricardo"]
[Result "0-1"]
[WhiteElo "1963"]
[BlackElo "2019"]
[PlyCount "60"]
[EventDate "2010.07.05"]
[EventType "swiss"]
[EventRounds "9"]
[EventCountry "ARG"]
[Source "lmi"]
[SourceDate "2010.07.05"]

1. f4 e5 2. fxe5 d6 3. exd6 Bxd6 4. Nf3 Nc6 5. d4 Bg4 6. Qd3 Bxf3 7. exf3 Qh4+
8. Kd1 O-O-O 9. c3 Nge7 10. Kc2 Rhe8 11. Qe4 Qf2+ 12. Qe2 Qh4 13. Qe4 Qf6 14.
Bd3 g6 15. Qg4+ Kb8 16. Bg5 Qh8 17. Nd2 f6 18. Bh4 Nd5 19. Bf2 f5 20. Qh3 Nf4
21. Qh6 Nh5 22. g3 Bf8 23. Qg5 Be7 24. Qh6 Qf6 25. Nb3 f4 26. gxf4 Nxf4 27. Be3
Nxd3 28. Kxd3 Ne5+ 29. Kc2 Qf5+ 30. Kd2 Nxf3+ 0-1

[Event "85. Argentino Superior Absoluto 2010 "]
[Site "Buenos Aires ARG"]
[Date "2010.07.14"]
[Round "9.1"]
[White "Valerga, Diego"]
[Black "Peralta, Fernando"]
[Result "1/2-1/2"]
[WhiteElo "2506"]
[BlackElo "2570"]
[PlyCount "58"]
[EventDate "2010.07.05"]
[EventType "swiss"]
[EventRounds "9"]
[EventCountry "ARG"]
[Source "lmi"]
[SourceDate "2010.07.05"]

1. d4 Nf6 2. c4 e6 3. Nc3 Bb4 4. Qc2 O-O 5. a3 Bxc3+ 6. Qxc3 Nc6 7. Nf3 d6 8.
b4 Re8 9. Bb2 e5 10. dxe5 Nxe5 11. Nxe5 dxe5 12. e3 Ne4 13. Qc2 Bf5 14. Bd3
Nxf2 15. Bxf5 Nxh1 16. Kf1 g6 17. Bh3 Qg5 18. Qe2 Rad8 19. Kg1 Rd6 20. c5 Rd5
21. Rf1 Ng3 22. hxg3 Qxg3 23. Rf3 Qg5 24. Qc4 c6 25. Kh2 Qe7 26. e4 Rd1 27. Qb3
Re1 28. Qc4 Rd1 29. Qb3 Re1 1/2-1/2

[Event "85. Argentino Superior Absoluto 2010 "]
[Site "Buenos Aires ARG"]
[Date "2010.07.14"]
[Round "9.2"]
[White "Garcia, Raimundo"]
[Black "Ricardi, Pablo"]
[Result "0-1"]
[WhiteElo "2314"]
[BlackElo "2512"]
[PlyCount "77"]
[EventDate "2010.07.05"]
[EventType "swiss"]
[EventRounds "9"]
[EventCountry "ARG"]
[Source "lmi"]
[SourceDate "2010.07.05"]

1. Nf3 Nf6 2. d4 g6 3. c3 Bg7 4. Bg5 O-O 5. Nbd2 d5 6. e3 Nbd7 7. Be2 c6 8. O-O
Re8 9. Qb3 e5 10. Nxe5 Nxe5 11. dxe5 Rxe5 12. Nf3 Re8 13. Rad1 Qc7 14. Bf4 Qe7
15. Be5 Bh6 16. h3 Nd7 17. Bg3 Nc5 18. Qb4 Bf8 19. c4 a5 20. Qa3 Be6 21. b3 a4
22. Qb2 axb3 23. axb3 Ne4 24. Be5 Qb4 25. cxd5 Bxd5 26. Rd4 Qa3 27. Qc2 Nc5 28.
Rxd5 cxd5 29. Bb2 Qxb3 30. Qxb3 Nxb3 31. Bb5 Rec8 32. Rd1 Ra2 33. Bf6 Rc1 34.
Rxc1 Nxc1 35. Nd4 Bg7 36. Bxg7 Kxg7 37. g4 Rb2 38. Kg2 Nb3 39. Nf3 0-1

[Event "85. Argentino Superior Absoluto 2010 "]
[Site "Buenos Aires ARG"]
[Date "2010.07.14"]
[Round "9.3"]
[White "Felgaer, Ruben"]
[Black "Spata, German"]
[Result "1-0"]
[WhiteElo "2584"]
[BlackElo "2286"]
[PlyCount "67"]
[EventDate "2010.07.05"]
[EventType "swiss"]
[EventRounds "9"]
[EventCountry "ARG"]
[Source "lmi"]
[SourceDate "2010.07.05"]

1. e4 e6 2. d4 d5 3. Nd2 dxe4 4. Nxe4 Bd7 5. Nf3 Bc6 6. Bd3 Nd7 7. O-O Ngf6 8.
Ned2 Be7 9. b3 O-O 10. Bb2 Nd5 11. g3 b6 12. c4 N5f6 13. Qe2 Bb7 14. Rad1 c5
15. Rfe1 Re8 16. Ne4 Nxe4 17. Bxe4 Bxe4 18. Qxe4 Nf6 19. Qf4 Qd6 20. Ne5 Rad8
21. Qf3 cxd4 22. Nc6 Rc8 23. Nxa7 Ra8 24. Nc6 Rxa2 25. Bxd4 Qc7 26. Nxe7+ Qxe7
27. Bxb6 Qb4 28. Bd4 Ra3 29. Bxf6 gxf6 30. Qxf6 Qxb3 31. Rd7 Rf8 32. Qg5+ Kh8
33. Qf6+ Kg8 34. Re5 1-0

[Event "85. Argentino Superior Absoluto 2010 "]
[Site "Buenos Aires ARG"]
[Date "2010.07.14"]
[Round "9.4"]
[White "Iermito, Sebastian"]
[Black "Mareco, Sandro"]
[Result "1/2-1/2"]
[WhiteElo "2457"]
[BlackElo "2527"]
[PlyCount "57"]
[EventDate "2010.07.05"]
[EventType "swiss"]
[EventRounds "9"]
[EventCountry "ARG"]
[Source "lmi"]
[SourceDate "2010.07.05"]

1. e4 c5 2. Nf3 d6 3. d4 cxd4 4. Nxd4 Nf6 5. Nc3 a6 6. Be2 e6 7. O-O Be7 8. f4
O-O 9. Be3 Nc6 10. a4 Qc7 11. Qe1 Bd7 12. Qg3 Nxd4 13. Bxd4 Bc6 14. Bd3 Rae8
15. Kh1 e5 16. fxe5 Nh5 17. Qg4 dxe5 18. Qxh5 exd4 19. Nd5 Bxd5 20. Qxd5 Bd6
21. h3 Be5 22. Rf3 Kh8 23. Ra3 Rd8 24. Qc4 Qa5 25. b4 Qb6 26. Qc5 Qxc5 27. bxc5
Rc8 28. Rb3 Rc7 29. Rf1 1/2-1/2

[Event "85. Argentino Superior Absoluto 2010 "]
[Site "Buenos Aires ARG"]
[Date "2010.07.14"]
[Round "9.5"]
[White "Alonso, Salvador"]
[Black "Julia, Ernesto"]
[Result "1/2-1/2"]
[WhiteElo "2490"]
[BlackElo "2378"]
[PlyCount "41"]
[EventDate "2010.07.05"]
[EventType "swiss"]
[EventRounds "9"]
[EventCountry "ARG"]
[Source "lmi"]
[SourceDate "2010.07.05"]

1. e4 e6 2. d4 d5 3. Nd2 c5 4. Ngf3 cxd4 5. exd5 Qxd5 6. Bc4 Qd6 7. O-O Nc6 8.
Nb3 a6 9. Nbxd4 Nxd4 10. Qxd4 Qxd4 11. Nxd4 b5 12. Bb3 Nf6 13. a4 b4 14. Re1
Bb7 15. Bc4 Be7 16. Bg5 h6 17. Bh4 Rc8 18. Bd3 Nd5 19. Bxe7 Nxe7 20. Nb3 O-O
21. a5 1/2-1/2

[Event "85. Argentino Superior Absoluto 2010 "]
[Site "Buenos Aires ARG"]
[Date "2010.07.14"]
[Round "9.6"]
[White "Dos Santos, Ramiro"]
[Black "Slipak, Sergio"]
[Result "0-1"]
[WhiteElo "2442"]
[BlackElo "2440"]
[PlyCount "61"]
[EventDate "2010.07.05"]
[EventType "swiss"]
[EventRounds "9"]
[EventCountry "ARG"]
[Source "lmi"]
[SourceDate "2010.07.05"]

1. e4 e5 2. Nf3 Nc6 3. Bb5 Nf6 4. d3 d6 5. O-O Bd7 6. c3 g6 7. d4 Bg7 8. Qe2
O-O 9. d5 Nb8 10. Bxd7 Nbxd7 11. c4 Nc5 12. Nc3 a5 13. Ne1 Nfd7 14. Be3 f5 15.
f3 Qh4 16. Bf2 Qh5 17. Nd3 fxe4 18. Nxe4 Nxe4 19. Qxe4 Nf6 20. Qe2 g5 21. Rae1
g4 22. Be3 Qg6 23. Kh1 Rae8 24. Qd2 gxf3 25. gxf3 Kh8 26. Rg1 Qf5 27. Ref1 Nh5
28. Ne1 Bf6 29. Qxa5 Qh3 30. Rg2 Bh4 31. Qxc7 0-1

[Event "85. Argentino Superior Absoluto 2010 "]
[Site "Buenos Aires ARG"]
[Date "2010.07.14"]
[Round "9.7"]
[White "Mahia, Gustavo"]
[Black "Tristan, Leonardo"]
[Result "1/2-1/2"]
[WhiteElo "2393"]
[BlackElo "2393"]
[PlyCount "52"]
[EventDate "2010.07.05"]
[EventType "swiss"]
[EventRounds "9"]
[EventCountry "ARG"]
[Source "lmi"]
[SourceDate "2010.07.05"]

1. d4 d6 2. e4 Nf6 3. Nc3 g6 4. Nf3 Bg7 5. Be2 O-O 6. O-O c5 7. dxc5 dxc5 8.
Be3 b6 9. Qc1 Bb7 10. Rd1 Qc8 11. Nd5 Nc6 12. Bb5 e6 13. Bxc6 exd5 14. Bxd5
Nxe4 15. Bxb7 Qxb7 16. Bh6 Rad8 17. Bxg7 Kxg7 18. Qf4 Rd5 19. Rxd5 Qxd5 20. Re1
Re8 21. h3 Nf6 22. Rxe8 Nxe8 23. Qa4 Qd1+ 24. Kh2 Qd6+ 25. Kg1 Qd1+ 26. Kh2
Qd6+ 1/2-1/2

[Event "85. Argentino Superior Absoluto 2010 "]
[Site "Buenos Aires ARG"]
[Date "2010.07.14"]
[Round "9.8"]
[White "Garbarino, Rodolfo"]
[Black "Ponzo, Fabian"]
[Result "1/2-1/2"]
[WhiteElo "2350"]
[BlackElo "2027"]
[PlyCount "94"]
[EventDate "2010.07.05"]
[EventType "swiss"]
[EventRounds "9"]
[EventCountry "ARG"]
[Source "lmi"]
[SourceDate "2010.07.05"]

1. e4 d5 2. exd5 Qxd5 3. Nc3 Qa5 4. Nf3 Nf6 5. d4 c6 6. Ne5 Bf5 7. Nc4 Qd8 8.
Be2 Nbd7 9. O-O Nb6 10. Bg5 Nbd5 11. Nxd5 Nxd5 12. Re1 f6 13. Bd2 Qd7 14. a4 e6
15. Bg4 Bxg4 16. Qxg4 Kf7 17. Re2 b5 18. axb5 cxb5 19. Ne3 Nxe3 20. Rxe3 f5 21.
Qf3 Bd6 22. Rae1 Rae8 23. g4 g6 24. gxf5 exf5 25. Qd5+ Kg7 26. Kh1 Rxe3 27.
Rxe3 Qc7 28. Rc3 Qe7 29. Re3 Qc7 30. Re6 Rd8 31. Bg5 Rd7 32. Qxb5 h6 33. Bd2
Re7 34. d5 Qxc2 35. Bc3+ Kh7 36. Rxe7+ Bxe7 37. Qd7 Qd1+ 38. Kg2 Qg4+ 39. Kf1
Qc4+ 40. Ke1 Qe4+ 41. Kd1 Qd3+ 42. Ke1 Qe4+ 43. Kd1 Qd3+ 44. Ke1 Qe4+ 45. Kd2
Qf4+ 46. Kd1 Qd6 47. Qb7 Kg8 1/2-1/2

[Event "85. Argentino Superior Absoluto 2010 "]
[Site "Buenos Aires ARG"]
[Date "2010.07.14"]
[Round "9.10"]
[White "Barrionuevo, Pablo"]
[Black "Filgueira, Hernan"]
[Result "0-1"]
[WhiteElo "2337"]
[BlackElo "2347"]
[PlyCount "76"]
[EventDate "2010.07.05"]
[EventType "swiss"]
[EventRounds "9"]
[EventCountry "ARG"]
[Source "lmi"]
[SourceDate "2010.07.05"]

1. d4 Nf6 2. c4 g6 3. Nc3 d5 4. Bf4 Bg7 5. e3 c6 6. Nf3 O-O 7. Be2 Be6 8. h3 c5
9. O-O Nc6 10. dxc5 dxc4 11. Qxd8 Raxd8 12. Ng5 Bd5 13. Rad1 h6 14. Nf3 Be6 15.
Nd2 Nd7 16. Nxc4 Nxc5 17. Rxd8 Rxd8 18. Rd1 Rxd1+ 19. Nxd1 b5 20. Nd2 a6 21. b3
Nb4 22. a3 Nc2 23. b4 Na4 24. Bf3 Nxa3 25. Bb7 Nc2 26. Bxa6 Bd7 27. Bb7 e5 28.
Bg3 Nxb4 29. Ne4 Bc6 30. Bxc6 Nxc6 31. Nd6 b4 32. Nc4 f5 33. Kf1 Kf7 34. Ke1
Ke6 35. f3 e4 36. Kd2 Kd5 37. Nd6 Be5 38. fxe4+ Kxd6 0-1

[Event "85. Argentino Superior Absoluto 2010 "]
[Site "Buenos Aires ARG"]
[Date "2010.07.14"]
[Round "9.11"]
[White "Quiroga, Facundo"]
[Black "Sanhueza, Cristian"]
[Result "1-0"]
[WhiteElo "2340"]
[BlackElo "2199"]
[PlyCount "103"]
[EventDate "2010.07.05"]
[EventType "swiss"]
[EventRounds "9"]
[EventCountry "ARG"]
[Source "lmi"]
[SourceDate "2010.07.05"]

1. d4 Nf6 2. c4 g6 3. Nc3 Bg7 4. e4 d6 5. Be2 O-O 6. Bg5 c5 7. d5 h6 8. Be3 e6
9. dxe6 Bxe6 10. Qd2 Qa5 11. h3 Nc6 12. Nf3 Nd4 13. Bxd4 cxd4 14. Nb5 Qb6 15.
Qxd4 Qxd4 16. Nbxd4 Nxe4 17. O-O Rac8 18. Rac1 d5 19. Rfd1 Rfd8 20. b3 Bd7 21.
Bd3 Nc5 22. Bf1 dxc4 23. Bxc4 a6 24. a4 Be8 25. a5 Nd7 26. Re1 Nb8 27. Ne6 Rd6
28. Nxg7 Kxg7 29. Rcd1 Rxd1 30. Rxd1 Nc6 31. Rd5 Rd8 32. Rxd8 Nxd8 33. Nd4 Kf6
34. f4 Ke7 35. Kf2 Nc6 36. Nxc6+ Bxc6 37. g3 f6 38. Ke3 Kd6 39. Kd4 g5 40. h4
Bf3 41. fxg5 fxg5 42. hxg5 hxg5 43. Bd3 Bd1 44. Be4 b6 45. axb6 Bxb3 46. Kc3
Bd1 47. Kb4 Be2 48. Ka5 Bc4 49. Bb7 Ke5 50. Bxa6 Bd5 51. b7 Bxb7 52. Bxb7 1-0

[Event "85. Argentino Superior Absoluto 2010 "]
[Site "Buenos Aires ARG"]
[Date "2010.07.14"]
[Round "9.13"]
[White "Martinez de Negri, Gonzalo"]
[Black "Gimenez, Santiago"]
[Result "1-0"]
[WhiteElo "2069"]
[BlackElo "2253"]
[PlyCount "125"]
[EventDate "2010.07.05"]
[EventType "swiss"]
[EventRounds "9"]
[EventCountry "ARG"]
[Source "lmi"]
[SourceDate "2010.07.05"]

1. e4 c5 2. Nf3 d6 3. c3 Nf6 4. Be2 Bd7 5. d3 Bc6 6. O-O Nbd7 7. Nbd2 e6 8. Re1
Be7 9. Bf1 Ne5 10. d4 cxd4 11. cxd4 Nxf3+ 12. Qxf3 O-O 13. Bd3 e5 14. d5 Bd7
15. h3 g6 16. Nf1 Nh5 17. Bd2 Bg5 18. Ne3 Bxe3 19. fxe3 f5 20. exf5 Bxf5 21.
Bxf5 Rxf5 22. Qg4 Rf8 23. Rf1 Rxf1+ 24. Rxf1 Qc8 25. Qf3 Qd7 26. Bb4 a5 27.
Bxa5 Ng3 28. Qxg3 Rxa5 29. a3 Rc5 30. e4 Kg7 31. Qg5 Rc8 32. Qf6+ Kg8 33. Kh2
Re8 34. b4 b5 35. Kg3 Qe7 36. Kh2 Qxf6 37. Rxf6 Rd8 38. Kg1 Kg7 39. Re6 Kf7 40.
Kf2 h5 41. h4 Rd7 42. Ke2 Rd8 43. Kd2 Ra8 44. Rxd6 Rxa3 45. Re6 Rb3 46. Rxe5
Rxb4 47. Kc3 Rc4+ 48. Kb3 Rd4 49. Kc3 Rc4+ 50. Kd3 Rc5 51. Re6 Rc4 52. Rb6 Rb4
53. g3 Kg7 54. d6 Kf7 55. d7 Ke7 56. Rd6 Kd8 57. e5 Ra4 58. e6 Ra8 59. Kc3 Rb8
60. Rc6 b4+ 61. Kb3 Ra8 62. Kxb4 Rb8+ 63. Kc5 1-0

[Event "85. Argentino Superior Absoluto 2010 "]
[Site "Buenos Aires ARG"]
[Date "2010.07.14"]
[Round "9.14"]
[White "Virgillito, Cristian"]
[Black "Rasgido, Alejandro"]
[Result "1-0"]
[WhiteElo "2238"]
[BlackElo "1997"]
[PlyCount "45"]
[EventDate "2010.07.05"]
[EventType "swiss"]
[EventRounds "9"]
[EventCountry "ARG"]
[Source "lmi"]
[SourceDate "2010.07.05"]

1. e4 e5 2. d4 exd4 3. Nf3 d6 4. Nxd4 Nf6 5. Nc3 Be7 6. Be2 O-O 7. Be3 Re8 8.
Qd2 d5 9. exd5 Nxd5 10. Nxd5 Qxd5 11. O-O Bd6 12. Bf3 Qe5 13. g3 Qf6 14. Rfe1
h6 15. Bg2 Nd7 16. Nb5 Be5 17. Bd4 Rf8 18. Rxe5 Nxe5 19. f4 Nc4 20. Qc3 Qf5 21.
Qxc4 Be6 22. Qd3 Qxd3 23. cxd3 1-0